000 01166nab a22002417a 4500
999 _c5716
_d5716
003 OSt
005 20251231144917.0
008 190605e xxu||||| |||| 00| 0 spa d
040 _cPJ
100 _96641
_aPanozzo, Juan Pablo
245 1 0 _aTeletrabajo y ejercicio abusivo del ius variandi :
_bun riesgo latente para los empleadores /
_cJuan Pablo Panozzo, Santiago A. Palavecino.
260 _aCiudad Autónoma de Buenos Aires :
_bThomson Reuters La Ley,
_c2023.
300 _ap. 58-66
500 _aCita: TR LALEY AR/DOC/258/2023.
505 _aSumario: I. Introducción.— II. Régimen legal vigente.— III. Algunas consideraciones respecto del teletrabajo y el ius variandi. Caso hipotético bajo examen.— IV. Conclusión.
505 _t¿Te interesa el texto completo? Solicitalo al correo: koha@justierradelfuego.gov.ar
650 0 _91316
_aDERECHO LABORAL
650 0 _91344
_aIUS VARIANDI
650 0 _95233
_aPANDEMIA
700 _96642
_aPalavecino, Santiago A.
_ecoautor
773 0 _02711
_93168
_dCiudad Autónoma de Buenos Aires : Thomson Reuters La Ley, 1999-2002.
_tRevista de derecho del trabajo. Nº 2 - Marzo 2023
942 _2udc
_cANA